| 000 | 00452nam a2200181Ia 4500 | ||
|---|---|---|---|
| 001 | 8040 | ||
| 005 | 20260306160539.0 | ||
| 008 | 260306t2013||||xx |||||||||||||| ||spa|| | ||
| 041 | _aESP | ||
| 082 |
_a370.1 _bC75 V. 10 |
||
| 100 |
_aGonzales Alvarado, Osmar _eAUT |
||
| 245 | 0 | _aNueva escuela para una nueva nación, 1919-1932 | |
| 260 | _c2013 | ||
| 300 |
_a325 páginas : _c25 cm. |
||
| 650 | _aGEN | ||
| 654 | _aCED | ||
| 942 |
_cLIB _dJUS _fJUS _2ddc _n |
||
| 999 |
_c8040 _d8040 |
||